Adaptation of the Jarawa to Andaman Islands (Record no. 1225670)

MARC details
000 -LEADER
fixed length control field 00639nam a2200217Ia 4500
005 - DATE AND TIME OF LATEST TRANSACTION
control field 20241129104403.0
008 - FIXED-LENGTH DATA ELEMENTS--GENERAL INFORMATION
fixed length control field 241129s9999||||xx |||||||||||||| ||und||
020 ## - INTERNATIONAL STANDARD BOOK NUMBER
International Standard Book Number 9789394262300
037 ## - SOURCE OF ACQUISITION
Stock number Textual
040 ## - CATALOGING SOURCE
Original cataloging agency RTL
Language of cataloging eng
Transcribing agency RTL
041 ## - LANGUAGE CODE
Language code of text/sound track or separate title eng
Source of code eng
084 ## - COLON CLASSIFICATION NUMBER
Classification number Y.291 R3
Assigning agency RTL
100 ## - MAIN ENTRY--PERSONAL NAME
Personal name Kumar Umesh
9 (RLIN) 500828
245 #0 - TITLE STATEMENT
Title Adaptation of the Jarawa to Andaman Islands
Statement of responsibility, etc. Kumar Umesh
260 ## - PUBLICATION, DISTRIBUTION, ETC.
Place of publication, distribution, etc. New Delhi
Name of publisher, distributor, etc. Manohar Publishers & Distributors
Date of publication, distribution, etc. 2023
300 ## - PHYSICAL DESCRIPTION
Extent 243p.
365 ## - TRADE PRICE
Price type code INR
Price amount 1350
650 ## - SUBJECT ADDED ENTRY--TOPICAL TERM
Topical term or geographic name entry element Sociology- Andaman Islands- India
9 (RLIN) 726153
942 ## - ADDED ENTRY ELEMENTS (KOHA)
Koha item type Textbook
Classification part Y.291 R3
Holdings
Withdrawn status Lost status Damaged status Not for loan Home library Current library Date acquired Source of acquisition Cost, normal purchase price Inventory number Total Checkouts Full call number Barcode Date last seen Price effective from Koha item type
        Ratan Tata Library Ratan Tata Library 2024-11-29 Classic Book Service 1350.00 317 & 07/2/24   Y.291 R3 RT1585135 2024-11-29 2024-11-29 Textbook
Copyright @ Delhi University Library System